Zahraniční politika SSSR od Říjnové revoluce až po naše dny

Na minha lista:
Detalhes bibliográficos
Formato: Livro
Idioma:tcheco
Publicado em: Praha Svět sovětů 1950
Tags: Adicionar Tag
Sem tags, seja o primeiro a adicionar uma tag!

MARC

LEADER 00000nam a2200000 4500
001 0308389
005 20250502090549.0
041 0 |a cze 
044 |a CZ 
245 1 0 |a Zahraniční politika SSSR  |b od Říjnové revoluce až po naše dny  |c E. A. Korovin 
264 1 |a Praha  |b Svět sovětů  |c 1950